000 01462nam a2200301 a 4500
001 60670
003 BD-RjUL
005 20211209080853.0
008 170102s1996 bg a s o||0 0 eng d
020 _a9845082440
_c: Tk. 400.00
035 _a(BD-RjUL)60794
040 _aDLC
_cDLC
_dDLC
_dBD-RjUL
_beng
041 0 _aengben
082 _223
_a304.6095492021
_bSHA 1996 (ZS)
110 _aBangladesh Bureau Of Statistics.
_9179266
245 1 0 _aBangladesh population census, 1991 = বাংলাদেশ আদমশুমারী, ১৯৯১ :
_bZila series, Zila: Shariatpur = জেলা সিরিজ, জেলা: শরিয়তপুর /
_cBangladesh Bureau Of Statistics.
246 _aবাংলাদেশ আদমশুমারী, ১৯৯১ :
_bজেলা সিরিজ, জেলা: শরিয়তপুর
260 _aDhaka :
_bBangladesh Bureau of Statistics,
_c1996.
300 _axviii, 306 p. :
_bIll. ;
_c28 cm.
490 _aZila series, Zila: Shariatpur
490 _aজেলা সিরিজ, জেলা: শরিয়তপুর
500 _aPrefatory matter in Bengali and English.
651 0 _aBangladesh
_zShariatpur
_vCensus,1991
_9180730
651 0 _aBangladesh
_zShariatpur
_xPopulation
_vStatistics
_9180731
_y1991
830 _aZila series, Zila: Shariatpur
_9182058
830 _aজেলা সিরিজ, জেলা: শরিয়তপুর
_9190390
942 _2ddc
_cRAR
999 _c60670
_d60670